Accounting and costing for management (Record no. 185511)

MARC details
000 -LEADER
fixed length control field 00453nam a2200169Ia 4500
005 - DATE AND TIME OF LATEST TRANSACTION
control field 20250324135703.0
008 - FIXED-LENGTH DATA ELEMENTS--GENERAL INFORMATION
fixed length control field 231217s9999 xx 000 0 und d
020 ## - INTERNATIONAL STANDARD BOOK NUMBER
International Standard Book Number 9788174468062
082 ## - DEWEY DECIMAL CLASSIFICATION NUMBER
Classification number 658.1511 SIN;1 R
100 ## - MAIN ENTRY--PERSONAL NAME
Personal name Sinha, Pradip Kumar.
245 #0 - TITLE STATEMENT
Title Accounting and costing for management
250 ## - EDITION STATEMENT
Edition statement 1st ed.
260 ## - PUBLICATION, DISTRIBUTION, ETC. (IMPRINT)
Date of publication, distribution, etc. 2010
Name of publisher, distributor, etc. Excel Books
Place of publication, distribution, etc. New Delhi
300 ## - PHYSICAL DESCRIPTION
Extent xi, 647
650 ## - SUBJECT ADDED ENTRY--TOPICAL TERM
Topical term or geographic name as entry element Accounting,costing,management
942 ## - ADDED ENTRY ELEMENTS (KOHA)
Koha item type Books
Holdings
Date last seen Total Checkouts Full call number Accession number Old discount Uniform Resource Identifier Cost, replacement price Price effective from Category Lost status Damaged status Department Withdrawn status bill no. bill date Permanent Location Current Location Shelving location Entry date Vendor Cost, normal purchase price Grants Currency symbol Conversion rate Discount Discount type
26/01/2024   658.1511 SIN;1 R 59344 20 digital/contents/59344.pdf 280.00 26/01/2024 Books     Central Library   1011/0156 21/07/2014 Central Library Central Library Central Library 24/05/2010 Surya Infotainment Products Pvt. Ltd. 350.00 MBA RS 1 70 Rupees

© For any Suggestions or Query, please contact the library staff @ librarian@pes.edu or Phone: +9180 2672 1983/ 2108.